000 00633nam a2200241Ia 4500
003 OSt
005 20220926023055.0
006 a|||||r|||| 00| 0
007 ta
008 220923b |||||||| |||| 00| 0 eng d
020 _a0471056278
037 _cGeneral Book
040 _aRTL
_cRTL
_beng
041 _2eng
_aeng
082 _aX:515, M0
100 _aKaueman P J
_9328631
245 0 _aTechnical analysis in commodities
260 _aNew York
_bWiley
_c1980
300 _axii,227p
_ccm.
650 _aSalesmanship
_9229886
942 _hX:515, M0
_cGB
_2CC
999 _c640894
_d640894